000 01044nam0a22002171 4500
001 v19\rc\1218341
005 20250617222546.0
035 _a(NLR Aleph) 004380889
090 _a3624611
_c3624611
100 _a20060306d1874 |||y0rusy50 ca
101 0 _arus
102 _aRU
105 _ay z |||||
200 1 _aРезультаты употребления колес из закаленного чугуна (отлитых в металлические изложницы) в продолжение 11-тилетней их службы
_eПо стат. сведениям Сев. ж. д. имп. Фердинанда заимствованным из брош., представленной на Всемирную выставку
_e[Отзывы разных фирм]
_fГанц и К°, в Офене
210 _aСанкт-Петербург
_cтип. В. Веллинга
_dценз. 1874
215 _a4 с.
801 0 _aRU
_bNLR
_gpsbo
801 1 _aRU
_bProSoft-M
_2rusmarc
852 _aNLR
_j18.79.5.711
942 _cBOOK
980 _aNB